000 00673nam a2200277Ia 4500
008 161027s9999||||xx |||||||||||||| ||und||
040 _cHindi
082 _aX.B
082 _bBORI-29443
100 _aShree Deshbhushanji Maharaj
245 _aRamokar Grantha
260 _aDelhi
260 _bKashmirilalji Jain Johri
300 _a12 + 522
300 _cC
300 _eHardbound
530 _u000094241.Pdf.
563 _aText
600 _aShree Deshbhushanji Maharaj
630 _aRamokar Grantha
650 _aBuddhism & Jainism
650 _aJainism
700 _aShree Deshbhushanji Maharaj
730 _aRamokar Grantha
942 _cBOOK
999 _c1401257
_d1401254